La metamorfosis y otros relatos
Gorde:
| Egile nagusia: | |
|---|---|
| Formatua: | Liburua |
| Hizkuntza: | gaztelania |
| Argitaratua: |
Santiago
Ercilla
1985
|
| Saila: | Los Mejores Libros de la Literatura Universal, 12
|
| Gaiak: | |
| Etiketak: |
Etiketa erantsi
Etiketarik gabe, Izan zaitez lehena erregistro honi etiketa jartzen!
|
MARC
| LEADER | 00000nam a2200000 a 4500 | ||
|---|---|---|---|
| 001 | UCX1625 | ||
| 003 | CL-VaPUC | ||
| 008 | 901005e19850000CL |||||||||||||||||spa|d | ||
| 082 | 0 | 4 | |a 891.863 |b KAF |2 21 |
| 100 | |a Kafka, Franz |e author |9 266293 | ||
| 245 | 1 | 3 | |a La metamorfosis y otros relatos |
| 300 | |a 188 p | ||
| 942 | |c BK | ||
| 945 | |d 19901005 00:00:00 | ||
| 260 | |a Santiago |b Ercilla |c 1985 | ||
| 650 | 7 | |a CUENTOS CHECOSLOVACOS |2 CL-VaPUC |9 317187 | |
| 650 | 0 | |a Novelas checoslovacas |9 265635 | |
| 583 | |a last modification |c 20160907 09:09:13 |k Rodrigo Vera | ||
| 490 | 0 | |a Los Mejores Libros de la Literatura Universal, 12 | |
| 999 | |c 222814 |d 222812 | ||
| 952 | |0 0 |1 0 |2 ddc |4 0 |6 891_863000000000000_KAF_1985 |7 0 |8 A |9 218048 |a BIBEDU |b BIBEDU |c MCIRC |d 2019-11-15 |i 4520319 |o 891.863 KAF 1985 |p 4520319 |r 2019-11-15 |w 2019-11-15 |y BK |k LIT | ||